Detekcia/sledovanie ľudí vo videu

Salvato in:
Dettagli Bibliografici
Autore principale: Gotthard, Martin (Autore)
Altri autori: Venjarski, Jaroslav (Relatore della tesi)
Natura: Manoscritto Libro
Lingua:slovacco
Pubblicazione: Bratislava : STU v Bratislave FEI, 2024
Soggetti:
Accesso online:https://opac.crzp.sk/?fn=detailBiblioFormChildEEKRT&sid=DDCD2C6FBCAD481F294EC5B200E4&seo=CRZP-detail-kniha
Tags: Aggiungi Tag
Nessun Tag, puoi essere il primo ad aggiungerne!!

MARC

LEADER 00000ntm a22000003a 4500
001 stuzp96601
003 SK-STU
005 20250403123419.6
007 ta
008 150427s2015----xo-----f-mn---000-0-slo-d
040 |a STU  |b slo 
041 0 |a slo 
044 |a xo 
100 1 |a Gotthard, Martin  |u 035000  |4 aut  |U FEI Fakulta elektrotechniky a informatiky  |T FEI Ústav informatiky a matematiky  |X 115060  |U E050  |Y 816  |7 115060 
242 0 1 |a Detection/tracking of people in video  |y eng 
245 1 0 |a Detekcia/sledovanie ľudí vo videu 
260 |a Bratislava :  |b STU v Bratislave FEI,  |c 2024 
300 |a 42 s. 
650 4 |a YOLO  |2 slo 
650 4 |a BoT-SORT  |2 slo 
650 4 |a Detekcia  |2 slo 
650 4 |a sledovanie  |2 slo 
650 4 |a Detection  |2 eng 
650 4 |a Tracking  |2 eng 
650 4 |a YOLO  |2 eng 
650 4 |a BoT-SORT  |2 eng 
700 1 |a Venjarski, Jaroslav  |u 037000  |k Z3  |4 ths  |U FEI Fakulta elektrotechniky a informatiky  |T FEI Ústav multimediálnych informačných a komunikačných technológií  |X 86314  |U E070  |Y 818  |7 86314 
856 4 |u https://opac.crzp.sk/?fn=detailBiblioFormChildEEKRT&sid=DDCD2C6FBCAD481F294EC5B200E4&seo=CRZP-detail-kniha